000 00525cam a2200193ua 4500
001 3535
008 111121n ii |||gr||||Z||||||asm
040 _cMAIN
082 _a823
100 _aAchebe, Chinua,
_eAuthor.
245 1 1 _aBandhon sulaki pare
_cby Chinua Achebe
250 _a1st.
260 _aGuwahati:
_bAnundoram Barooah institute of language art & culture,994.
300 _a176p:
_c23cm.
653 _aAssamese
653 _aBandhon sulaki pare
700 _aBaruah, Tarun Chandra,
_eTranslator.
942 _cBK
999 _c3376
_d3376